000 00666nam a2200169Ia 4500
003 GCL
008 140319s9999 xx 000 0 ara d
040 _aGCL /
_cGCL
082 0 4 _a001.6424
_bم ت
100 1 _aمجموعة مهندسين فى مركز ابحاث ش
245 1 0 _aالتطبيقات العملية لاستخدام برنامج الاوتوكاد, 3 اجزاء /
_cمجموعة مهندسين فى مركز ابحاث ش
260 _a[S.N] :
_bمؤسسة جمال الجاسم للالكترونيات ،
_c1990
490 _a
650 0 4 _aالاوتوكاد
650 0 4 _aبرامج الحاسبات الالكترونية
942 _2ddc
_cBK
999 _c53444
_d53444